Filosofía del optimismo

Gorde:
Xehetasun bibliografikoak
Egile nagusia: Kuznetsov, B.
Formatua: Liburua
Hizkuntza:Undetermined
Argitaratua: Moscú, Rusia Editorial Progreso 1978
Gaiak:
Etiketak: Etiketa erantsi
Etiketarik gabe, Izan zaitez lehena erregistro honi etiketa jartzen!

MARC

LEADER 00000nam a2200000Ia 4500
008 170316s9999 xx 000 0 und d
090 |a 100 K-30f 
100 |a Kuznetsov, B. 
245 |a Filosofía del optimismo 
260 |a Moscú, Rusia 
260 |b Editorial Progreso 
260 |c 1978 
300 |a 380 páginas 
650 |a FILOSOFÍA SOCIAL 
999 |c 16692  |d 16692 
040 |a cru BVZT 
942 |c 15 D  |h 100 K-30f  |2 z